000 00547nam a22001817a 4500
999 _c189397
_d189397
005 20220629104723.0
010 _aENG-133054
020 _a9789382710028
_c2018
035 _aEN-116586
037 _bDBAD/PUB
082 _a923.573
245 _aS.P. Sen Centenary Volume
_cEditied By Chittabrata Palit
260 _aKolkata
_bInstitute of Historical Studies
_c2018
270 _a8/1 Loudon Street, Kolkata
_bKolkata
_e700017
300 _a230p.
_c22cm(hbk)
700 _aChittabrata Palit
942 _2ddc
_cEN
_h923.573
_mSPS